A laboratory course in biomaterials / (رقم التسجيلة. 32644)

تفاصيل مارك
000 -الفاتح
حقل البيانات ثابتة الطول 01336cam a22003734a 4500
001 - رقم الضبط
رقم الضبط 15670832
003 - محدد رقم الضبط
رقم الضبط OSt
005 - وقت وتاريخ اخر تعامل مع التسجيلة
رقم الضبط 20150408114158.0
008 - عناصر البيانات ثابتة الطول - معلومات عامة
حقل البيانات ثابتة الطول 090320s2009 flua b 001 0 eng
010 ## - رقم ضبط مكتبة الكونجرس
رقم ضبط مكتبة الكونجرس 2009011787
015 ## - رقم الببليوجرافية الوطنية
رقم الببليوجرافية الوطنية GBA923086
المصدر bnb
015 ## - رقم الببليوجرافية الوطنية
رقم الببليوجرافية الوطنية GBA957873
المصدر bnb
016 7# - رقم ضبط الوكاله الوطنية للضبط الببليوجرافي
رقم ضبط التسجيلة 014921215
المصدر Uk
016 7# - رقم ضبط الوكاله الوطنية للضبط الببليوجرافي
رقم ضبط التسجيلة 015287592
المصدر Uk
016 7# - رقم ضبط الوكاله الوطنية للضبط الببليوجرافي
رقم ضبط التسجيلة 101499712
المصدر DNLM
020 ## - الرقم الدولى المعيارى للكتب
الرقم الدولى المعيارى للكتاب 9781420075823 (pbk. : alk. paper)
020 ## - الرقم الدولى المعيارى للكتب
الرقم الدولى المعيارى للكتاب 1420075829 (pbk. : alk. paper)
035 ## - رقم ضبط النظام
رقم ضبط النظام (OCoLC)ocn312626505
040 ## - مصدر الفهرسة
وكالة الفهرسة الأصلية DNLM/DLC
وكالة النسخ DLC
وكالة التعديل YDX
-- BTCTA
-- BAKER
-- YDXCP
-- UKM
-- CDX
-- NLM
-- DLC
042 ## - رمز التحقق
رمز التحقق pcc
050 00 - رقم طلب مكتبة الكونجرس
رقم التصنيف R857.M3
رقم المادة X53 2009
082 00 - رقم تصنيف ديوى العشرى
رقم التصنيف 610.284
رقم الطبعة 22
رقم المادة XWL
100 1# - المدخل الرئيسى - إسم شخصى
الإسم الشخصى Xian, Wujing.
9 (RLIN) 41078
245 12 - بيان العنوان
العنوان A laboratory course in biomaterials /
بيان المسئوليه,etc Wujing Xian.
260 ## - PUBLICATION, DISTRIBUTION, ETC. (IMPRINT)
مكان الناشر او الموزع Boca Raton, FL :
اسم الناشر او الموزع CRC Press/Taylor & Francis,
تاريخ النشر أو التوزيع c2009.
300 ## - الوصف المادى
التعداد xv, 212 p. :
تفاصيل ماديه اخرى للوعاء ill. ;
أبعاد الوعاء 26 cm.
504 ## - تبصرة ببليوجرافية
تبصرة ببليوجرافية,الخ Includes bibliographical references and index.
650 #0 - المدخل الاضافى بالموضوع-مصطلح موضوعى
مصطلح موضوعي أو اسم جغرافي كعنصر مدخل Biomedical materials
التقسيم الفرعي الشكلي Laboratory manuals.
9 (RLIN) 41079
650 #0 - المدخل الاضافى بالموضوع-مصطلح موضوعى
مصطلح موضوعي أو اسم جغرافي كعنصر مدخل Biomedical materials
التقسيم الفرعي العام Study and teaching.
9 (RLIN) 41080
650 12 - المدخل الاضافى بالموضوع-مصطلح موضوعى
مصطلح موضوعي أو اسم جغرافي كعنصر مدخل Biomedical Engineering
التقسيم الفرعي الشكلي Laboratory Manuals.
9 (RLIN) 41081
906 ## - عنصر بيانات محلى F, LDF (RLIN)
a 7
b cbc
c orignew
d 1
e ecip
f 20
g y-gencatlg
942 ## - عناصر المدخل الإضافي( كوها)
مصدر التصنيف او مخطط الترفيف Dewey Decimal Classification
Koha [default] item type كتاب
المقتنيات
حالة الفقد نموذج السعر الفعال حالة تلف ليس للاعارة رقم الطلب تاريخ الاكتساب الموقع الحالي الباركود الفرع الرئيسي Date last seen نوع المادة فى نظام كوها مصدر التصنيف او خطة الترفيف Total Checkouts
  2013-12-14     610.284 XWL 2013-12-14 المكتبة المركزية بالمجمعة (CL) 00453589 المكتبة المركزية بالمجمعة (CL) 2013-12-14 كتاب Dewey Decimal Classification  
  2013-12-14     610.284 XWL 2013-12-14 المكتبة المركزية بالمجمعة (CL) 00453590 المكتبة المركزية بالمجمعة (CL) 2013-12-14 كتاب Dewey Decimal Classification  
  2013-12-14     610.284 XWL 2013-12-14 المكتبة المركزية بالمجمعة (CL) 00453591 المكتبة المركزية بالمجمعة (CL) 2013-12-14 كتاب Dewey Decimal Classification  
  2013-12-14     610.284 XWL 2013-12-14 مكتبة مجمع الكليات بالزلفى - طلاب (SZM) 00453592 مكتبة مجمع الكليات بالزلفى - طلاب (SZM) 2013-12-14 كتاب Dewey Decimal Classification  
  2013-12-14     610.284 XWL 2013-12-14 مكتبة مجمع الكليات بالزلفى - طلاب (SZM) 00453593 مكتبة مجمع الكليات بالزلفى - طلاب (SZM) 2013-12-14 كتاب Dewey Decimal Classification  
  2013-12-14     610.284 XWL 2013-12-14 مكتبة مجمع الكليات بالزلفى - طلاب (SZM) 00453594 مكتبة مجمع الكليات بالزلفى - طلاب (SZM) 2013-12-14 كتاب Dewey Decimal Classification